Fr. Conceicao Rodrigues College of Engineering

Automobile engineering (Record no. 25588)

MARC details
000 -LEADER
fixed length control field 00296nam a2200145Ia 4500
082 ## - DEWEY DECIMAL CLASSIFICATION NUMBER
Classification number 629.24/RAJ
100 ## - MAIN ENTRY--PERSONAL NAME
Personal name RAJPUT/R.K.
245 ## - TITLE STATEMENT
Title Automobile engineering
260 ## - PUBLICATION, DISTRIBUTION, ETC.
Name of publisher, distributor, etc. LAXMI PUBL.
Place of publication, distribution, etc. BENGALURU
366 ## - TRADE AVAILABILITY INFORMATION
Publishers's discount category 20
546 ## - LANGUAGE NOTE
Language note ENGLISH
650 ## - SUBJECT ADDED ENTRY--TOPICAL TERM
Topical term or geographic name entry element AUTOMOBILE
942 ## - ADDED ENTRY ELEMENTS (KOHA)
Koha item type BOOK
Holdings
Withdrawn status Lost status Damaged status Not for loan Collection Home library Current library Date acquired Source of acquisition Inventory number Total Checkouts Full call number Barcode Date last seen Date last checked out Cost, replacement price Price effective from Koha item type
        ITI Fr. Agnel's C.Rodrigues College of Engineering AGNEL TECHNICAL COLLEGE LIBRARY 17/03/2023 ALLIED PUBL. INDENT NO.3841 1 629.24/RAJ ITI1208 08/07/2025 15/07/2024 725.00   BOOK
        ITI Fr. Agnel's C.Rodrigues College of Engineering Fr. Agnel's C.Rodrigues College of Engineering 17/03/2023 ALLIED PUBL. INDENT NO.3841 1 629.24/RAJ ITI1207 15/10/2024 11/07/2024 725.00   BOOK